000 01258nam a22002897a 4500
001 TZ 0017
003 gtcocun
005 20250926193543.0
006 a||||gr|||| 00| 0
007 ta
008 250926b1999 gt ||||| m||| 00| 0 eng d
040 _agtcocun
_bSPA
_cgtcocun
_eRDA
041 _aSPA TZ 0017
084 _0TZ 0017
100 _aSierra Schulz, Juan Carlos
_eAutor
245 _aCOMPORTAMIENTO REPRODUCTIVO EN OVEJAS DE PELO DE UN REBAÑO UBICADO EN EL MUNICIPIO DE LANQUÍN, DEPARTAMENTO DE ALTA VERAPAZ./
_cJuan Carlos Sierra Schulz.
_hImpreso
264 _aCobán, Alta Verapaz:
_bUniversidad de San Carlos de Guatemala, Centro Universitario del Norte, Zootecnia
_c1999
300 _a27 p.:
_bIlustraciones, gráficas.
_c28 cm;
337 _2rdamedio
_aComputadora
_bn
502 _eTZ 0017
502 _aTesis de grado
_bZootecnia,
_cUniversidad de San Carlos de Guatemala, Centro Universitario del Norte, Zootecnia
_d1999
_oTZ 0017
650 _2LEMB
_aLanquín, Alta Verapaz.
_xZootecnia
_xParámetros
_xReproductivo
_xEcológicos
_xPrecipitación
_xLongevidad
700 _eAsesor
856 _uSin archivo en línea.
_zSin archivo en línea.
942 _2ddc
_cTES
_iTZ 0017
_kClasificación
_n0
_6TZ_0017_000000000000000
999 _c2165
_d2165